The soil-root interface /

Guardado en:
Otros Autores: Harley, J. L., Scott Russell, Robert.
Formato: Libro
Idioma:English
Publicado: London ; New York : Published under the aegis of the New phytologist by Academic Press, 1979.
Etiquetas: Agregar Etiqueta
Sin Etiquetas, Sea el primero en etiquetar este registro!
LEADER 00689nam a22001695a 4500
001 EEA.libagro003015
005 20190704125138.0
008 130809s1979####nyua##########000#0#eng#d
020 |a 0123255503 
082 0 4 |a 631.811 
245 1 4 |a The soil-root interface /  |c edited by J. L. Harley, R. Scott Russell. 
260 |a London ;  |a New York :  |b Published under the aegis of the New phytologist by Academic Press,  |c 1979. 
300 |a xx, 448 p. :  |b il. ;  |c 24 cm. 
500 |a "Proceedings of an international symposium held in Oxford, England, March 28 to 31, 1978.". 
700 1 |a Harley, J. L.  |q (John Laker) 
700 1 |a Scott Russell, Robert. 
859 |a AR-BbBCA  |b BIB. AGRONOMIA  |h 631.811  |i H285  |p 1981/0069